<?xml version="1.0" encoding="UTF-8"?>
<record
    xmlns:xsi="http://www.w3.org/2001/XMLSchema-instance"
    xsi:schemaLocation="http://www.loc.gov/MARC21/slim http://www.loc.gov/standards/marcxml/schema/MARC21slim.xsd"
    xmlns="http://www.loc.gov/MARC21/slim">

  <leader>00724nam a22002177a 4500</leader>
  <controlfield tag="005">20171120111107.0</controlfield>
  <datafield tag="010" ind1=" " ind2=" ">
    <subfield code="a">ENG-121497-498</subfield>
  </datafield>
  <datafield tag="020" ind1=" " ind2=" ">
    <subfield code="a">9788131252628 (vol-1)</subfield>
    <subfield code="c">5195.00 (set of 2 vol)</subfield>
  </datafield>
  <datafield tag="020" ind1=" " ind2=" ">
    <subfield code="a">9788131252628 (vol-2)</subfield>
    <subfield code="c">5195.00 (set of 2 vol)</subfield>
  </datafield>
  <datafield tag="035" ind1=" " ind2=" ">
    <subfield code="a">EN-105029-030</subfield>
  </datafield>
  <datafield tag="037" ind1=" " ind2=" ">
    <subfield code="b">DBAD/PUB</subfield>
  </datafield>
  <datafield tag="082" ind1=" " ind2=" ">
    <subfield code="a">342.54</subfield>
  </datafield>
  <datafield tag="100" ind1=" " ind2=" ">
    <subfield code="a">Jain, M.P.</subfield>
  </datafield>
  <datafield tag="245" ind1=" " ind2=" ">
    <subfield code="a">Indian constitutional law /</subfield>
    <subfield code="c">by M.P. Jain</subfield>
  </datafield>
  <datafield tag="250" ind1=" " ind2=" ">
    <subfield code="a">7th ed </subfield>
  </datafield>
  <datafield tag="260" ind1=" " ind2=" ">
    <subfield code="a">Gurgaon</subfield>
    <subfield code="b">Lexis Nexis</subfield>
    <subfield code="c">2018</subfield>
  </datafield>
  <datafield tag="270" ind1=" " ind2=" ">
    <subfield code="a">14th Floor, Bldg No.10, Tower-B, DLF Cyber City, Phase-II</subfield>
    <subfield code="b">Gurgaon</subfield>
    <subfield code="e">122002</subfield>
  </datafield>
  <datafield tag="300" ind1=" " ind2=" ">
    <subfield code="a">2-vol-(ccIx1-1782[33] ; cclx,1783-3406 [33]p.)</subfield>
    <subfield code="c">25cm(Hb)</subfield>
  </datafield>
  <datafield tag="500" ind1=" " ind2=" ">
    <subfield code="a">Includes index</subfield>
  </datafield>
  <datafield tag="942" ind1=" " ind2=" ">
    <subfield code="2">ddc</subfield>
    <subfield code="c">EN</subfield>
    <subfield code="m">JAI</subfield>
    <subfield code="h">342.54</subfield>
  </datafield>
  <datafield tag="999" ind1=" " ind2=" ">
    <subfield code="c">147565</subfield>
    <subfield code="d">147565</subfield>
  </datafield>
  <datafield tag="952" ind1=" " ind2=" ">
    <subfield code="0">0</subfield>
    <subfield code="1">0</subfield>
    <subfield code="3">vol-1</subfield>
    <subfield code="4">0</subfield>
    <subfield code="7">1</subfield>
    <subfield code="8">NFIC</subfield>
    <subfield code="a">DBAD</subfield>
    <subfield code="b">BN</subfield>
    <subfield code="d">2017-11-20</subfield>
    <subfield code="e">DBAD/PUB</subfield>
    <subfield code="g">5195.00</subfield>
    <subfield code="l">0</subfield>
    <subfield code="o">342.54 JAI</subfield>
    <subfield code="p">EN-105029</subfield>
    <subfield code="r">2017-11-20 00:00:00</subfield>
    <subfield code="t">1</subfield>
    <subfield code="v">5195.00</subfield>
    <subfield code="y">EN</subfield>
  </datafield>
  <datafield tag="952" ind1=" " ind2=" ">
    <subfield code="0">0</subfield>
    <subfield code="1">0</subfield>
    <subfield code="3">vol-2</subfield>
    <subfield code="4">0</subfield>
    <subfield code="7">1</subfield>
    <subfield code="8">NFIC</subfield>
    <subfield code="a">DBAD</subfield>
    <subfield code="b">BN</subfield>
    <subfield code="d">2017-11-20</subfield>
    <subfield code="e">DBAD/PUB</subfield>
    <subfield code="g">5195.00</subfield>
    <subfield code="l">0</subfield>
    <subfield code="o">342.54 JAI</subfield>
    <subfield code="p">EN-105030</subfield>
    <subfield code="r">2017-11-20 00:00:00</subfield>
    <subfield code="t">1</subfield>
    <subfield code="v">5195.00</subfield>
    <subfield code="y">EN</subfield>
  </datafield>
</record>
